Zásady bezpečnosti a ochrany zdravia v práškovej lakovni
Saved in:
| Main Author: | |
|---|---|
| Other Authors: | |
| Format: | Manuscript Book |
| Language: | Slovak |
| Published: |
2020
|
| Subjects: | |
| Online Access: | http://is.stuba.sk/zp/portal_zp.pl?podrobnosti=134500 |
| Tags: |
No Tags, Be the first to tag this record!
|
MARC
| LEADER | 00000ntm a22000003a 4500 | ||
|---|---|---|---|
| 001 | stuzp80058 | ||
| 003 | SK-STU | ||
| 005 | 20200718211830.8 | ||
| 007 | ta | ||
| 008 | 150427s2015----xo-----f-mn---000-0-slo-d | ||
| 040 | |a STU |b slo | ||
| 041 | 0 | |a slo | |
| 100 | 1 | |a Rusnák, Rastislav |u 065000 |4 aut |U MTF Materiálovotechnologická fakulta |T MTF Ústav integrovanej bezpečnosti |X 85611 |U M5000 |Y 85 |7 85611 | |
| 242 | 0 | 1 | |a Principles of safety and health protection in a powder coating plant |y eng |
| 245 | 1 | 0 | |a Zásady bezpečnosti a ochrany zdravia v práškovej lakovni |
| 260 | |c 2020 | ||
| 650 | 4 | |a Strom porúch |2 slo | |
| 650 | 4 | |a rozšírená bodová metóda |2 slo | |
| 650 | 4 | |a Kontrolný zoznam |2 slo | |
| 650 | 4 | |a práškovacia lakovňa |2 slo | |
| 650 | 4 | |a Failure tree analysis |2 eng | |
| 650 | 4 | |a Check list |2 eng | |
| 650 | 4 | |a Extended point method |2 eng | |
| 650 | 4 | |a powder coating plant |2 eng | |
| 700 | 1 | |a Szabová, Zuzana |u 065200 |k Z1 |4 ths |U MTF Ústav integrovanej bezpečnosti |T MTF Katedra bezpečnostného inžinierstva |X 4741 |U M5200 |Y 192 |7 A000004741 | |
| 856 | 4 | |u http://is.stuba.sk/zp/portal_zp.pl?podrobnosti=134500 | |
| 996 | |c M* BP-8965 |l MMSKP |s P |a 0 |w stuzp80058_0001 | ||